[Event "5th European Small Nations"]
[Site "Andorra la Vella"]
[Date "2017.11.18"]
[Round "9.8"]
[White "Rodgaard, John"]
[Black "Garcia Paolicchi, Raul"]
[Result "1/2-1/2"]
[BlackElo "2150"]
[WhiteElo "2332"]
[LiveChessVersion "1.4.8"]

1. c4 {[%clk 1:30:54]} c6 {[%clk 1:30:22]} 2. d4 {[%clk 1:30:57]} d5
{[%clk 1:30:22]} 3. Nf3 {[%clk 1:30:57]} Nf6 {[%clk 1:30:22]} 4. e3
{[%clk 1:30:57]} Bg4 {[%clk 1:30:22]} 5. Nbd2 {[%clk 1:30:57]} e6
{[%clk 1:30:22]} 6. Bd3 {[%clk 1:18:27]} Nbd7 {[%clk 1:27:58]} 7. Qc2 Bd6 8. h3
{[%clk 1:11:14]} Bh5 {[%clk 1:27:35]} 9. b3 {[%clk 1:01:36]} e5 {[%clk 1:17:11]}
10. dxe5 {[%clk 0:53:35]} Nxe5 {[%clk 1:17:14]} 11. Nxe5 {[%clk 0:51:07]} Bxe5
{[%clk 1:17:36]} 12. Bb2 {[%clk 0:49:57]} Bxb2 {[%clk 1:12:05]} 13. Qxb2
{[%clk 0:50:15]} dxc4 {[%clk 0:59:10]} 14. Qe5+ {[%clk 0:40:11]} Qe7
{[%clk 0:58:10]} 15. Qxe7+ {[%clk 0:40:22]} Kxe7 {[%clk 0:58:33]} 16. Nxc4
{[%clk 0:29:53]} Rhd8 {[%clk 0:55:17]} 17. Be2 {[%clk 0:27:56]} Bxe2
{[%clk 0:53:20]} 18. Kxe2 {[%clk 0:28:03]} Nd5 {[%clk 0:51:49]} 19. Rhc1
{[%clk 0:26:59]} Rd7 {[%clk 0:49:35]} 20. a3 {[%clk 0:26:03]} Rad8
{[%clk 0:39:34]} 21. Na5 {[%clk 0:21:32]} Ke6 {[%clk 0:37:55]} 22. b4
{[%clk 0:21:08]} Ne7 {[%clk 0:35:31]} 23. Rc2 {[%clk 0:20:45]} f6
{[%clk 0:28:49]} 24. Rac1 {[%clk 0:19:17]} Kf7 {[%clk 0:28:12]} 25. g4
{[%clk 0:18:02]} Nd5 {[%clk 0:26:59]} 26. Nb3 {[%clk 0:16:31]} Re7
{[%clk 0:25:37]} 27. Kf3 {[%clk 0:16:43]} Nc7 {[%clk 0:23:24]} 28. Rd2
{[%clk 0:13:56]} Rxd2 {[%clk 0:23:12]} 29. Nxd2 {[%clk 0:14:25]} Rd7
{[%clk 0:22:48]} 30. Ke2 {[%clk 0:14:25]} Ne6 {[%clk 0:21:05]} 31. Nb3
{[%clk 0:14:00]} Ke7 {[%clk 0:14:07]} 32. h4 {[%clk 0:12:40]} Rd5
{[%clk 0:13:20]} 33. f4 {[%clk 0:09:13]} g6 {[%clk 0:13:23]} 34. g5
{[%clk 0:08:03]} f5 {[%clk 0:12:42]} 35. Rc3 {[%clk 0:06:01]} Kd6
{[%clk 0:07:02]} 36. Na5 {[%clk 0:05:10]} Kc7 {[%clk 0:06:46]} 37. Nc4
{[%clk 0:03:55]} a6 {[%clk 0:03:17]} 38. Rc1 {[%clk 0:02:40]} c5 {[%clk 0:02:30]}
39. Ne5 {[%clk 0:02:40]} Kd6 {[%clk 0:01:39]} 40. Nc4+ {[%clk 0:31:48]} 1/2-1/2

[Event "5th European Small Nations"]
[Site "Andorra la Vella"]
[Date "2017.11.18"]
[Round "9.1"]
[White "Berend, Fred"]
[Black "Efimov, Igor"]
[Result "0-1"]
[BlackElo "2397"]
[WhiteElo "2371"]
[LiveChessVersion "1.4.8"]

1. e4 {[%clk 1:30:55]} c5 {[%clk 1:27:55]} 2. Nf3 {[%clk 1:31:15]} Nf6
{[%clk 1:27:26]} 3. e5 {[%clk 1:30:59]} Nd5 {[%clk 1:27:51]} 4. Nc3
{[%clk 1:31:27]} e6 {[%clk 1:28:16]} 5. Nxd5 {[%clk 1:29:27]} exd5
{[%clk 1:28:25]} 6. d4 {[%clk 1:29:38]} Nc6 {[%clk 1:28:48]} 7. dxc5
{[%clk 1:28:29]} Bxc5 {[%clk 1:29:15]} 8. Qxd5 {[%clk 1:28:08]} d6
{[%clk 1:27:41]} 9. exd6 {[%clk 1:11:13]} Qb6 {[%clk 1:27:59]} 10. Bc4
{[%clk 1:11:28]} Bxf2+ {[%clk 1:21:26]} 11. Ke2 {[%clk 0:44:24]} O-O
{[%clk 1:20:10]} 12. Rd1 {[%clk 0:43:01]} Be6 {[%clk 0:30:07]} 13. Qb5
{[%clk 0:39:21]} Nd4+ {[%clk 0:30:06]} 14. Nxd4 {[%clk 0:39:22]} Bxd4
{[%clk 0:30:31]} 15. Bf4 {[%clk 0:13:32]} Rac8 {[%clk 0:26:46]} 16. Bd3
{[%clk 0:13:45]} Rxc2+ {[%clk 0:27:05]} 17. Rd2 {[%clk 0:13:56]} Bg4+
{[%clk 0:27:06]} 18. Ke1 {[%clk 0:12:40]} Rxd2 {[%clk 0:19:02]} 19. Qxb6
{[%clk 0:11:37]} Rxd3 {[%clk 0:18:43]} 20. Qb5 {[%clk 0:11:54]} Rc3
{[%clk 0:18:32]} 21. Rd1 {[%clk 0:10:01]} Rc5 {[%clk 0:18:38]} 22. Qb4
{[%clk 0:08:50]} Re8+ {[%clk 0:18:41]} 23. Kd2 {[%clk 0:06:26]} Rd5
{[%clk 0:19:02]} 24. Re1 {[%clk 0:05:56]} Bf2+ {[%clk 0:18:00]} 25. Kc2
{[%clk 0:05:41]} Bf5+ {[%clk 0:17:42]} 26. Kb3 {[%clk 0:05:34]} Bxe1
{[%clk 0:17:55]} 27. Qxb7 {[%clk 0:05:14]} Rd3+ {[%clk 0:16:48]} 28. Kc4
{[%clk 0:04:28]} h6 {[%clk 0:14:40]} 29. b4 {[%clk 0:02:55]} Re4+
{[%clk 0:14:50]} 30. Kc5 {[%clk 0:01:36]} Bxb4+ {[%clk 0:14:51]} 31. Kb5
{[%clk 0:00:51]} Rxf4 {[%clk 0:15:13]} 32. Ka6 {[%clk 0:00:36]} Bxd6
{[%clk 0:15:22]} 33. Qa8+ {[%clk 0:00:34]} Kh7 {[%clk 0:15:38]} 34. Qc6
{[%clk 0:01:02]} Ra3+ {[%clk 0:15:56]} 0-1

[Event "5th European Small Nations"]
[Site "Andorra la Vella"]
[Date "2017.11.18"]
[Round "9.2"]
[White "Berezovsky, Igor"]
[Black "Weber, Tom"]
[Result "1/2-1/2"]
[BlackElo "2418"]
[WhiteElo "2378"]
[LiveChessVersion "1.4.8"]

1. Nf3 {[%clk 1:30:57]} Nf6 {[%clk 1:30:48]} 2. c4 {[%clk 1:31:05]} g6
{[%clk 1:30:44]} 3. Nc3 {[%clk 1:31:02]} c5 {[%clk 1:30:41]} 4. e4
{[%clk 1:29:46]} Nc6 {[%clk 1:30:21]} 5. d4 {[%clk 1:29:13]} cxd4
{[%clk 1:30:44]} 6. Nxd4 {[%clk 1:29:39]} d6 {[%clk 1:30:06]} 7. Be2
{[%clk 1:28:18]} Nxd4 {[%clk 1:29:51]} 8. Qxd4 {[%clk 1:28:34]} Bg7
{[%clk 1:30:17]} 9. Bg5 {[%clk 1:24:20]} O-O {[%clk 1:30:39]} 10. Qd2
{[%clk 1:23:10]} Be6 {[%clk 1:26:10]} 11. Rb1 {[%clk 1:04:31]} a6
{[%clk 1:18:44]} 12. O-O {[%clk 1:01:43]} b5 {[%clk 0:54:42]} 13. cxb5
{[%clk 0:55:35]} axb5 {[%clk 0:55:00]} 14. a3 {[%clk 0:55:26]} Bd7
{[%clk 0:29:45]} 15. Bf3 {[%clk 0:44:07]} Rb8 {[%clk 0:19:07]} 16. Nd5
{[%clk 0:37:07]} Nxd5 {[%clk 0:15:41]} 17. exd5 {[%clk 0:37:35]} Re8
{[%clk 0:13:34]} 18. Rfe1 {[%clk 0:37:01]} Be5 {[%clk 0:13:35]} 19. Be4
{[%clk 0:32:05]} b4 {[%clk 0:12:38]} 20. Re3 {[%clk 0:25:34]} bxa3
{[%clk 0:07:15]} 21. Rxa3 {[%clk 0:25:42]} Rb7 {[%clk 0:06:20]} 22. b4
{[%clk 0:23:08]} Qb8 {[%clk 0:06:21]} 23. f4 {[%clk 0:12:45]} Bf6
{[%clk 0:06:05]} 24. Bxf6 {[%clk 0:12:42]} exf6 {[%clk 0:06:33]} 25. Bf3
{[%clk 0:12:16]} Bf5 {[%clk 0:05:04]} 26. Rb2 {[%clk 0:12:41]} Be4
{[%clk 0:03:31]} 27. Be2 {[%clk 0:11:17]} Ra7 {[%clk 0:02:47]} 28. Rc3
{[%clk 0:07:54]} f5 {[%clk 0:00:54]} 29. Qd4 {[%clk 0:07:44]} Ra1+
{[%clk 0:00:35]} 30. Kf2 {[%clk 0:08:12]} Qa8 {[%clk 0:00:42]} 31. Rc6
{[%clk 0:07:17]} Bxd5 {[%clk 0:00:34]} 32. Qxd5 {[%clk 0:05:36]} Qa3
{[%clk 0:00:32]} 33. Qd2 {[%clk 0:04:07]} Qa7+ {[%clk 0:00:34]} 34. Kg3
{[%clk 0:04:07]} Re3+ {[%clk 0:00:34]} 35. Bf3 {[%clk 0:04:13]} Raa3
{[%clk 0:00:39]} 36. Rc8+ {[%clk 0:03:36]} Kg7 {[%clk 0:01:07]} 37. Rc1
{[%clk 0:03:35]} Rad3 {[%clk 0:01:18]} 38. Qc2 {[%clk 0:03:29]} Qd4
{[%clk 0:01:09]} 39. h4 {[%clk 0:01:54]} Qe4 {[%clk 0:00:31]} 40. Rf1
{[%clk 0:31:15]} h6 {[%clk 0:30:32]} 41. Rbb1 {[%clk 0:24:11]} g5
{[%clk 0:30:54]} 42. Qb2+ {[%clk 0:24:20]} Rc3 {[%clk 0:30:39]} 43. hxg5
{[%clk 0:23:50]} hxg5 {[%clk 0:31:02]} 44. fxg5 {[%clk 0:22:35]} Qe5+
{[%clk 0:27:31]} 45. Kh3 {[%clk 0:20:19]} Re2 {[%clk 0:18:24]} 46. Qa1
{[%clk 0:18:02]} Re4 {[%clk 0:16:07]} 47. g3 {[%clk 0:17:08]} Rg4
{[%clk 0:15:23]} 48. Qxc3 {[%clk 0:11:09]} Qxc3 {[%clk 0:15:32]} 49. Bxg4
{[%clk 0:11:28]} fxg4+ {[%clk 0:15:55]} 50. Kxg4 {[%clk 0:11:53]} Qc4+
{[%clk 0:14:13]} 51. Rf4 {[%clk 0:10:33]} Qe2+ {[%clk 0:13:02]} 52. Kh3
{[%clk 0:10:37]} Qh5+ {[%clk 0:12:57]} 53. Rh4 {[%clk 0:10:56]} Qf3
{[%clk 0:13:21]} 54. Rf4 {[%clk 0:10:33]} Qh5+ {[%clk 0:13:33]} 55. Rh4
{[%clk 0:11:02]} Qf3 {[%clk 0:13:39]} 56. Rb2 {[%clk 0:08:45]} Qh1+
{[%clk 0:10:28]} 57. Rh2 {[%clk 0:09:06]} Qf1+ {[%clk 0:10:15]} 58. Kg4
{[%clk 0:08:45]} Qd1+ {[%clk 0:10:03]} 59. Kf4 {[%clk 0:08:31]} Qd4+
{[%clk 0:10:17]} 60. Kf3 {[%clk 0:08:53]} Qd3+ {[%clk 0:10:17]} 61. Ke4 1/2-1/2

[Event "5th European Small Nations"]
[Site "Andorra la Vella"]
[Date "2017.11.18"]
[Round "9.3"]
[White "Hoegener, Claude"]
[Black "Villegas, Pierre"]
[Result "0-1"]
[BlackElo "2309"]
[WhiteElo "2118"]
[LiveChessVersion "1.4.8"]

1. d4 {[%clk 1:30:24]} d5 {[%clk 1:30:33]} 2. Nf3 {[%clk 1:30:47]} Nf6
{[%clk 1:30:47]} 3. c4 {[%clk 1:31:01]} e6 {[%clk 1:30:32]} 4. Bg5
{[%clk 1:30:51]} Be7 {[%clk 1:28:41]} 5. Nc3 {[%clk 1:31:02]} Nbd7
{[%clk 1:28:49]} 6. Qc2 {[%clk 1:31:11]} h6 {[%clk 1:28:05]} 7. Bxf6
{[%clk 1:31:22]} Nxf6 {[%clk 1:28:07]} 8. e3 {[%clk 1:31:41]} O-O
{[%clk 1:25:41]} 9. c5 {[%clk 1:29:01]} c6 {[%clk 1:21:08]} 10. Be2
{[%clk 1:26:06]} b6 {[%clk 1:15:19]} 11. Na4 {[%clk 1:22:34]} bxc5
{[%clk 1:08:44]} 12. Nxc5 {[%clk 1:21:06]} Qa5+ {[%clk 1:08:51]} 13. Qd2
{[%clk 1:17:38]} Qxd2+ {[%clk 1:08:56]} 14. Nxd2 {[%clk 1:17:48]} Bxc5
{[%clk 1:08:35]} 15. dxc5 {[%clk 1:18:10]} a5 {[%clk 1:07:13]} 16. O-O
{[%clk 1:12:21]} Ba6 {[%clk 1:03:50]} 17. Bxa6 {[%clk 1:12:21]} Rxa6
{[%clk 1:04:14]} 18. Rfc1 {[%clk 1:11:24]} e5 {[%clk 0:58:47]} 19. Nf3
{[%clk 1:09:40]} Nd7 {[%clk 0:57:41]} 20. Rc2 {[%clk 1:07:12]} f6
{[%clk 0:52:12]} 21. Nh4 {[%clk 1:07:16]} Kf7 {[%clk 0:52:26]} 22. Nf5
{[%clk 1:05:42]} g6 {[%clk 0:51:42]} 23. Ng3 {[%clk 1:01:26]} Rb8
{[%clk 0:49:17]} 24. Rd1 {[%clk 0:57:02]} Rb5 {[%clk 0:44:18]} 25. Rdc1
{[%clk 0:57:09]} a4 {[%clk 0:43:55]} 26. Kf1 {[%clk 0:42:27]} Raa5
{[%clk 0:42:58]} 27. Ke1 {[%clk 0:42:32]} Rxc5 {[%clk 0:37:55]} 28. Kd2
{[%clk 0:42:14]} Ke6 {[%clk 0:35:40]} 29. Ne2 {[%clk 0:39:02]} Rxc2+
{[%clk 0:32:45]} 30. Rxc2 {[%clk 0:39:23]} Kd6 {[%clk 0:28:17]} 0-1

[Event "5th European Small Nations"]
[Site "Andorra la Vella"]
[Date "2017.11.18"]
[Round "9.4"]
[White "Ribbegren, Karl Johan"]
[Black "Linster, Philippe"]
[Result "0-1"]
[BlackElo "2230"]
[WhiteElo "2252"]
[LiveChessVersion "1.4.8"]

1. d4 {[%clk 1:30:58]} Nf6 {[%clk 1:30:54]} 2. Nf3 {[%clk 1:31:06]} e6
{[%clk 1:31:18]} 3. e3 {[%clk 1:30:55]} d5 {[%clk 1:31:01]} 4. Bd3
{[%clk 1:30:19]} c5 {[%clk 1:31:06]} 5. b3 {[%clk 1:29:35]} Nc6 {[%clk 1:31:25]}
6. O-O {[%clk 1:29:02]} Bd6 {[%clk 1:31:24]} 7. Bb2 {[%clk 1:28:31]} O-O
{[%clk 1:31:12]} 8. Nbd2 {[%clk 1:28:11]} b6 {[%clk 1:30:34]} 9. Ne5
{[%clk 1:24:48]} Bb7 {[%clk 1:30:09]} 10. a3 {[%clk 1:23:33]} Rc8
{[%clk 1:29:38]} 11. f4 {[%clk 1:22:31]} Ne7 {[%clk 1:29:30]} 12. Qf3
{[%clk 1:18:09]} b5 {[%clk 1:28:49]} 13. dxc5 {[%clk 1:14:02]} Bxc5
{[%clk 1:28:49]} 14. Rae1 {[%clk 1:07:15]} Bb6 {[%clk 1:07:28]} 15. Ng4
{[%clk 0:57:19]} Ne4 {[%clk 0:54:26]} 16. Nxe4 {[%clk 0:50:39]} dxe4
{[%clk 0:54:47]} 17. Bxe4 {[%clk 0:50:56]} Bxe4 {[%clk 0:55:09]} 18. Qxe4
{[%clk 0:51:20]} Qd5 {[%clk 0:55:13]} 19. Qd3 {[%clk 0:46:59]} Rfd8
{[%clk 0:51:18]} 20. Nf2 {[%clk 0:39:36]} Qxd3 {[%clk 0:46:41]} 21. cxd3
{[%clk 0:39:28]} Rc2 {[%clk 0:46:48]} 22. Bc1 {[%clk 0:39:29]} Nd5
{[%clk 0:40:34]} 23. d4 {[%clk 0:38:01]} f5 {[%clk 0:26:38]} 24. b4
{[%clk 0:34:35]} Rdc8 {[%clk 0:20:02]} 25. Nd3 {[%clk 0:29:05]} a5
{[%clk 0:14:13]} 26. Rf2 {[%clk 0:18:18]} axb4 {[%clk 0:10:50]} 27. Rxc2
{[%clk 0:17:42]} Rxc2 {[%clk 0:11:16]} 28. axb4 {[%clk 0:17:23]} Bc7
{[%clk 0:10:37]} 29. Nc5 {[%clk 0:15:12]} Kf7 {[%clk 0:10:06]} 30. e4
{[%clk 0:09:19]} fxe4 {[%clk 0:05:33]} 31. Nxe4 {[%clk 0:09:31]} h6
{[%clk 0:05:36]} 32. Nc5 {[%clk 0:08:57]} Nxb4 {[%clk 0:04:25]} 33. Ba3
{[%clk 0:08:57]} Nd5 {[%clk 0:04:45]} 34. Nxe6 {[%clk 0:08:48]} b4
{[%clk 0:04:31]} 35. Nxc7 {[%clk 0:07:46]} Rxc7 {[%clk 0:04:57]} 36. Bc1
{[%clk 0:02:57]} Rc2 {[%clk 0:05:07]} 37. Kf1 {[%clk 0:02:44]} b3
{[%clk 0:04:16]} 38. Ba3 {[%clk 0:02:52]} Ra2 {[%clk 0:04:06]} 39. Bc1
{[%clk 0:02:59]} Rc2 {[%clk 0:02:39]} 40. Ba3 {[%clk 0:33:07]} Ra2
{[%clk 0:33:02]} 41. Bc1 {[%clk 0:32:42]} Nxf4 {[%clk 0:22:58]} 42. Re3
{[%clk 0:30:26]} Ra1 {[%clk 0:21:28]} 43. Rxb3 {[%clk 0:30:41]} Rxc1+
{[%clk 0:21:54]} 44. Kf2 {[%clk 0:31:04]} Ne6 {[%clk 0:15:47]} 45. d5
{[%clk 0:30:51]} Nc5 {[%clk 0:14:11]} 46. Rb5 {[%clk 0:26:06]} Kf6
{[%clk 0:12:00]} 47. Rb6+ {[%clk 0:25:09]} Ke5 {[%clk 0:11:31]} 48. Rg6
{[%clk 0:19:51]} Ne4+ {[%clk 0:11:58]} 49. Kf3 {[%clk 0:19:25]} Rc3+
{[%clk 0:12:19]} 50. Kg4 {[%clk 0:18:04]} Rc7 {[%clk 0:12:39]} 51. d6
{[%clk 0:16:10]} Nxd6 {[%clk 0:12:56]} 52. Kh5 {[%clk 0:16:06]} Re7
{[%clk 0:06:11]} 53. g4 {[%clk 0:13:45]} Ne4 {[%clk 0:06:28]} 54. Ra6
{[%clk 0:13:03]} Nf6+ {[%clk 0:06:51]} 55. Kh4 {[%clk 0:12:39]} Kf4
{[%clk 0:07:06]} 56. Ra4+ {[%clk 0:12:41]} Ne4 {[%clk 0:06:19]} 57. Ra5
{[%clk 0:10:58]} g5+ {[%clk 0:05:18]} 58. Kh5 {[%clk 0:10:10]} Nf6+
{[%clk 0:05:14]} 59. Kxh6 {[%clk 0:10:22]} Nxg4+ {[%clk 0:05:40]} 60. Kg6
{[%clk 0:10:33]} Re6+ {[%clk 0:05:58]} 61. Kf7 {[%clk 0:10:46]} Rh6
{[%clk 0:06:08]} 62. Ra4+ {[%clk 0:10:45]} Ke5 0-1

[Event "5th European Small Nations"]
[Site "Andorra la Vella"]
[Date "2017.11.18"]
[Round "9.5"]
[White "Rossini, Paul"]
[Black "Belzo, Krzysztof"]
[Result "0-1"]
[BlackElo "2077"]
[WhiteElo "1683"]
[LiveChessVersion "1.4.8"]

1. e4 {[%clk 1:30:58]} c5 {[%clk 1:30:57]} 2. Bc4 {[%clk 1:31:13]} g6
{[%clk 1:31:23]} 3. Nc3 {[%clk 1:31:22]} Bg7 {[%clk 1:31:49]} 4. Nf3
{[%clk 1:31:32]} e6 {[%clk 1:32:01]} 5. d4 {[%clk 1:30:15]} cxd4 {[%clk 1:30:24]}
6. Nxd4 {[%clk 1:30:30]} a6 {[%clk 1:30:50]} 7. O-O {[%clk 1:27:11]} Ne7
{[%clk 1:31:12]} 8. Qd3 {[%clk 1:25:16]} O-O {[%clk 1:31:41]} 9. Re1
{[%clk 1:24:30]} d5 {[%clk 1:30:36]} 10. exd5 {[%clk 1:23:30]} Nxd5
{[%clk 1:30:42]} 11. Nxd5 {[%clk 1:22:26]} exd5 {[%clk 1:30:13]} 12. Bb3
{[%clk 1:22:48]} Nc6 {[%clk 1:29:19]} 13. c3 {[%clk 1:21:07]} Qd6
{[%clk 1:22:13]} 14. Be3 {[%clk 1:16:49]} Ne5 {[%clk 1:19:57]} 15. Qe2
{[%clk 1:06:31]} Ng4 {[%clk 1:15:00]} 16. Nf3 {[%clk 1:03:29]} Bf5
{[%clk 1:07:59]} 17. h3 {[%clk 1:00:19]} Nf6 {[%clk 1:04:31]} 18. Rad1
{[%clk 0:57:57]} Rad8 {[%clk 0:57:48]} 19. c4 {[%clk 0:53:10]} Qc6
{[%clk 0:56:44]} 20. Ne5 {[%clk 0:44:47]} Qc7 {[%clk 0:50:21]} 21. Bf4
{[%clk 0:38:58]} Qc5 {[%clk 0:48:02]} 22. Nf3 {[%clk 0:34:36]} Rfe8
{[%clk 0:36:28]} 23. Be3 {[%clk 0:29:54]} Qc6 {[%clk 0:34:02]} 24. Rd4
{[%clk 0:28:25]} Re4 {[%clk 0:24:53]} 25. cxd5 {[%clk 0:26:35]} Nxd5
{[%clk 0:23:24]} 26. Rxe4 {[%clk 0:24:12]} Bxe4 {[%clk 0:23:41]} 27. Rd1
{[%clk 0:19:28]} Rf8 {[%clk 0:18:58]} 28. Rc1 {[%clk 0:17:42]} Qd7
{[%clk 0:16:06]} 29. Bc5 {[%clk 0:15:04]} Re8 {[%clk 0:15:04]} 30. Be3
{[%clk 0:14:07]} Bxf3 {[%clk 0:06:45]} 31. Qxf3 {[%clk 0:13:22]} Nxe3
{[%clk 0:06:58]} 32. fxe3 {[%clk 0:11:57]} Bxb2 {[%clk 0:06:41]} 33. Rf1
{[%clk 0:11:58]} Re7 {[%clk 0:06:33]} 34. h4 {[%clk 0:09:51]} h5 {[%clk 0:05:53]}
35. Qg3 {[%clk 0:09:42]} Kg7 {[%clk 0:05:05]} 36. Rd1 {[%clk 0:09:26]} Qf5
{[%clk 0:04:29]} 37. Qf2 {[%clk 0:09:30]} Qe5 {[%clk 0:03:31]} 38. Re1
{[%clk 0:09:19]} Bc3 {[%clk 0:03:29]} 39. Rf1 {[%clk 0:08:19]} Qc7
{[%clk 0:03:08]} 40. Kh1 {[%clk 0:38:12]} Be5 {[%clk 0:33:00]} 41. Qf3
{[%clk 0:37:15]} b5 {[%clk 0:29:18]} 42. Qd5 {[%clk 0:35:32]} Bf6
{[%clk 0:27:47]} 43. Qf3 {[%clk 0:35:06]} Be5 {[%clk 0:23:04]} 44. Qd5
{[%clk 0:28:46]} Rd7 {[%clk 0:23:15]} 45. Qf3 {[%clk 0:27:58]} a5
{[%clk 0:23:07]} 46. g4 {[%clk 0:26:32]} a4 {[%clk 0:20:51]} 47. Bd1
{[%clk 0:20:02]} hxg4 {[%clk 0:20:27]} 48. Qxg4 {[%clk 0:20:09]} Rd2
{[%clk 0:19:30]} 49. Be2 {[%clk 0:20:01]} Qc6+ {[%clk 0:08:39]} 50. e4
{[%clk 0:18:03]} Qc2 {[%clk 0:07:58]} 51. Rf2 {[%clk 0:15:01]} Bd4
{[%clk 0:06:22]} 52. Rg2 {[%clk 0:14:52]} Qc1+ {[%clk 0:05:39]} 53. Kh2
{[%clk 0:14:44]} Be5+ {[%clk 0:05:58]} 0-1

[Event "5th European Small Nations"]
[Site "Andorra la Vella"]
[Date "2017.11.18"]
[Round "9.6"]
[White "Jouault, Louis"]
[Black "Righi, Ezio"]
[Result "0-1"]
[BlackElo "2039"]
[WhiteElo "1860"]
[LiveChessVersion "1.4.8"]

1. e4 {[%clk 1:30:57]} c5 {[%clk 1:30:48]} 2. Nc3 {[%clk 1:31:00]} e6
{[%clk 1:30:57]} 3. f4 {[%clk 1:31:03]} Nc6 {[%clk 1:31:07]} 4. Nf3
{[%clk 1:31:15]} d5 {[%clk 1:30:59]} 5. Be2 {[%clk 1:26:37]} Nge7
{[%clk 1:23:03]} 6. O-O {[%clk 1:25:08]} g6 {[%clk 1:23:01]} 7. Bb5
{[%clk 1:16:33]} Bg7 {[%clk 1:19:05]} 8. e5 {[%clk 1:10:11]} Bd7 {[%clk 1:15:04]}
9. d4 {[%clk 1:06:39]} c4 {[%clk 1:05:00]} 10. b3 {[%clk 1:01:40]} a6
{[%clk 1:02:54]} 11. Bxc6 {[%clk 1:01:33]} Bxc6 {[%clk 1:03:12]} 12. Qe1
{[%clk 0:54:42]} Rc8 {[%clk 0:59:09]} 13. b4 {[%clk 0:51:38]} Ra8
{[%clk 0:55:59]} 14. Rb1 {[%clk 0:49:02]} b5 {[%clk 0:56:09]} 15. a3
{[%clk 0:46:22]} h6 {[%clk 0:54:25]} 16. Ne2 {[%clk 0:45:39]} Kd7
{[%clk 0:54:06]} 17. g4 {[%clk 0:43:53]} a5 {[%clk 0:54:08]} 18. c3
{[%clk 0:42:51]} axb4 {[%clk 0:54:17]} 19. axb4 {[%clk 0:42:58]} Ra4
{[%clk 0:52:42]} 20. Bb2 {[%clk 0:42:04]} Nc8 {[%clk 0:51:29]} 21. Ra1
{[%clk 0:41:22]} Nb6 {[%clk 0:51:42]} 22. Qd2 {[%clk 0:38:33]} Kc7
{[%clk 0:48:37]} 23. Ng3 {[%clk 0:33:45]} Bd7 {[%clk 0:48:16]} 24. Qf2
{[%clk 0:30:04]} Rxa1 {[%clk 0:47:02]} 25. Rxa1 {[%clk 0:30:20]} Na4
{[%clk 0:47:22]} 26. Qc2 {[%clk 0:28:30]} Qc8 {[%clk 0:43:56]} 27. Bc1
{[%clk 0:28:28]} Kb6 {[%clk 0:43:03]} 28. h4 {[%clk 0:27:46]} Qe8
{[%clk 0:42:14]} 29. Be3 {[%clk 0:25:47]} f5 {[%clk 0:39:16]} 30. exf6 Bxf6
{[%clk 0:39:25]} 31. Ne5 {[%clk 0:22:23]} Bxh4 {[%clk 0:38:24]} 32. Ne2
{[%clk 0:17:33]} Rg8 {[%clk 0:37:46]} 33. g5 {[%clk 0:15:33]} hxg5
{[%clk 0:36:40]} 34. fxg5 {[%clk 0:15:50]} Rh8 {[%clk 0:35:35]} 35. Kg2
{[%clk 0:13:19]} Rh5 {[%clk 0:34:36]} 36. Nxd7+ {[%clk 0:12:28]} Qxd7
{[%clk 0:33:14]} 37. Qxg6 {[%clk 0:12:43]} Rh7 {[%clk 0:29:34]} 38. Rf1
{[%clk 0:09:36]} Rg7 {[%clk 0:26:52]} 39. Qh6 {[%clk 0:09:05]} Rh7
{[%clk 0:27:11]} 40. Qf6 {[%clk 0:38:48]} Nb2 {[%clk 0:52:13]} 41. Bd2
{[%clk 0:33:58]} Nd3 {[%clk 0:52:18]} 42. Ng1 {[%clk 0:31:08]} Qd6
{[%clk 0:52:06]} 43. Bf4 {[%clk 0:28:51]} Nxf4+ {[%clk 0:52:03]} 44. Rxf4
{[%clk 0:29:00]} Be1 {[%clk 0:52:08]} 45. Qe5 {[%clk 0:25:50]} Qxe5
{[%clk 0:45:28]} 46. dxe5 {[%clk 0:26:17]} Bxc3 {[%clk 0:45:50]} 47. Rf6
{[%clk 0:24:21]} Bxb4 {[%clk 0:45:47]} 48. Rxe6+ {[%clk 0:23:03]} Kc5
{[%clk 0:45:55]} 49. Rh6 {[%clk 0:20:32]} Rg7 {[%clk 0:46:06]} 50. Nf3
{[%clk 0:20:42]} d4 {[%clk 0:45:25]} 51. Kf1 {[%clk 0:20:01]} d3 {[%clk 0:45:22]}
52. Rh8 {[%clk 0:13:13]} c3 {[%clk 0:42:22]} 53. Ne1 {[%clk 0:11:04]} d2
{[%clk 0:39:14]} 54. Nd3+ {[%clk 0:08:13]} Kc4 {[%clk 0:36:53]} 55. Nf2
{[%clk 0:03:56]} c2 {[%clk 0:36:31]} 56. Rh4+ {[%clk 0:03:34]} Kb3
{[%clk 0:35:37]} 57. Rh3+ {[%clk 0:03:39]} Kb2 {[%clk 0:35:48]} 58. Nd3+
{[%clk 0:03:39]} Kb1 {[%clk 0:35:53]} 0-1

[Event "5th European Small Nations"]
[Site "Andorra la Vella"]
[Date "2017.11.18"]
[Round "9.7"]
[White "Volpinari, Danilo"]
[Black "Wojciechowski, Paul"]
[Result "1-0"]
[BlackElo "1912"]
[WhiteElo "1976"]
[LiveChessVersion "1.4.8"]

1. d4 {[%clk 1:30:46]} Nf6 {[%clk 1:30:47]} 2. Bg5 {[%clk 1:30:44]} d5
{[%clk 1:29:05]} 3. e3 {[%clk 1:29:28]} Nbd7 {[%clk 1:22:27]} 4. Nf3
{[%clk 1:25:24]} e6 {[%clk 1:16:13]} 5. Bd3 {[%clk 1:20:35]} Be7 {[%clk 1:13:20]}
6. Nbd2 {[%clk 1:19:55]} c5 {[%clk 1:08:37]} 7. c3 {[%clk 1:20:09]} O-O
{[%clk 1:06:28]} 8. Ne5 {[%clk 1:17:54]} Nxe5 {[%clk 0:51:43]} 9. dxe5
{[%clk 1:18:21]} Nd7 {[%clk 0:51:54]} 10. Bf4 {[%clk 1:18:28]} g6
{[%clk 0:47:31]} 11. h4 {[%clk 1:06:13]} f5 {[%clk 0:37:22]} 12. Qf3
{[%clk 0:54:34]} Rf7 {[%clk 0:28:35]} 13. Qh3 {[%clk 0:50:16]} Kf8
{[%clk 0:22:33]} 14. Nf3 {[%clk 0:49:11]} Ke8 {[%clk 0:20:29]} 15. g4
{[%clk 0:46:03]} Nf8 {[%clk 0:17:37]} 16. O-O-O {[%clk 0:45:06]} Bd7
{[%clk 0:15:46]} 17. Kb1 {[%clk 0:40:01]} b5 {[%clk 0:15:45]} 18. Rhg1
{[%clk 0:38:03]} c4 {[%clk 0:15:08]} 19. Bc2 {[%clk 0:32:28]} b4 {[%clk 0:15:28]}
20. cxb4 {[%clk 0:32:40]} Bxb4 {[%clk 0:15:47]} 21. gxf5 {[%clk 0:32:01]} gxf5
{[%clk 0:10:42]} 22. Rg8 {[%clk 0:31:26]} Qb6 {[%clk 0:08:15]} 23. e4
{[%clk 0:12:14]} fxe4 {[%clk 0:04:46]} 24. Be3 {[%clk 0:12:33]} Qb7
{[%clk 0:04:57]} 25. Ng5 {[%clk 0:12:16]} Ba3 {[%clk 0:04:59]} 26. Bd4
{[%clk 0:12:14]} Re7 {[%clk 0:03:13]} 27. Qxa3 {[%clk 0:12:35]} Rf7 28. Qh3 1-0

[Event "5th European Small Nations"]
[Site "Andorra la Vella"]
[Date "2017.11.18"]
[Round "9.8"]
[White "Kahn, Tito"]
[Black "Berardi, Giancarlo"]
[Result "1/2-1/2"]
[BlackElo "1837"]
[WhiteElo "1869"]
[LiveChessVersion "1.4.8"]

1. d4 {[%clk 1:30:53]} d5 {[%clk 1:30:32]} 2. Nf3 {[%clk 1:31:18]} Nf6
{[%clk 1:30:08]} 3. c4 {[%clk 1:31:38]} c6 {[%clk 1:29:48]} 4. Nc3
{[%clk 1:31:09]} Nbd7 {[%clk 1:25:25]} 5. e3 {[%clk 1:29:09]} g6 {[%clk 1:24:58]}
6. Qb3 {[%clk 1:28:19]} e6 {[%clk 1:23:40]} 7. Bd3 {[%clk 1:21:33]} Bg7
{[%clk 1:21:35]} 8. O-O {[%clk 1:21:47]} O-O {[%clk 1:21:47]} 9. Rd1
{[%clk 1:21:51]} Nb6 {[%clk 1:19:49]} 10. c5 {[%clk 1:20:21]} Nbd7
{[%clk 1:19:44]} 11. Qc2 {[%clk 1:20:11]} Re8 {[%clk 1:17:58]} 12. h3
{[%clk 1:15:18]} e5 {[%clk 1:16:49]} 13. dxe5 1/2-1/2